000 00525nam a22001697a 4500
005 20251108164657.0
008 250721s1988 xx 000 0 ara d
082 1 4 _a741.02841/عبد
100 1 _aعبد الله، عبد الحكيم
245 1 0 _aجرافيكس :
_bرسوم الكمبيوتر /
264 1 _aبيروت :
_bدار الراتب الجامعية،
_c1988.
300 _a
650 1 7 _aالرسم بمساعدة الحاسوب
650 1 7 _aالتخطيطات
942 _2ddc
_cBK
999 _c11606
_d11606